[Event "SVK-ch U18/20"]
[Site "Liptovsky Mikulas"]
[Date "2019.04.28"]
[Round "7"]
[White "Ciglian, Michal"]
[Black "Polak, Marcel"]
[Result "0-1"]
[WhiteElo "1632"]
[BlackElo "1854"]
[PlyCount "36"]
[EventDate "2019.04.23"]
[EventType "swiss"]
[EventRounds "9"]
[EventCountry "SVK"]
[SourceTitle "CBM 190 Extra"]
[Source "ChessBase"]
[SourceDate "2019.07.15"]
[SourceVersion "1"]
[SourceVersionDate "2019.07.15"]
[SourceQuality "1"]

1. d4 d5 2. c4 e6 3. Nc3 c6 4. Nf3 dxc4 5. e4 b5 6. a4 Bb4 7. Bd2 a5 8. axb5 Bxc3 9. Bxc3 cxb5 10. Qd2 a4 11. Be2 Bb7 12. Qf4 Nf6 13. Nd2 0-0 14. 0-0 Nc6 15. Nf3 Ne7 16. e5 Nfd5 17. Qg3 Nf5 18. Qh3 Nf4 0-1

[Event "SVK-ch U18/20"]
[Site "Liptovsky Mikulas"]
[Date "2019.04.24"]
[Round "2"]
[White "Polak, Marcel"]
[Black "Cajka, Martin"]
[Result "1-0"]
[WhiteElo "1854"]
[BlackElo "1000"]
[PlyCount "37"]
[EventDate "2019.04.23"]
[EventType "swiss"]
[EventRounds "9"]
[EventCountry "SVK"]
[SourceTitle "CBM 190 Extra"]
[Source "ChessBase"]
[SourceDate "2019.07.15"]
[SourceVersion "1"]
[SourceVersionDate "2019.07.15"]
[SourceQuality "1"]

1. d4 c6 2. Bf4 Nf6 3. e3 d5 4. c4 Bf5 5. Qb3 Qd7 6. Nc3 e6 7. Nf3 Na6 8. cxd5 cxd5 9. Bb5 Nb4 10. Bxd7+ Nxd7 11. 0-0 Bc2 12. Qa3 a5 13. Nb5 Kd8 14. Nd6 Bxd6 15. Bxd6 Ra6 16. Bxb4 axb4 17. Qxb4 Kc7 18. Rfc1 Rc6 19. Ne1 1-0

[Event "SVK-ch U16"]
[Site "Liptovsky Mikulas"]
[Date "2017.04.24"]
[Round "4"]
[White "Michel, Norbert"]
[Black "Polak, Marcel"]
[Result "1-0"]
[WhiteElo "2067"]
[BlackElo "1409"]
[PlyCount "71"]
[EventDate "2017.04.22"]
[EventType "swiss"]
[EventRounds "9"]
[EventCountry "SVK"]
[SourceTitle "CBM 178 Extra"]
[Source "ChessBase"]
[SourceDate "2017.06.22"]
[SourceVersion "1"]
[SourceVersionDate "2017.06.22"]
[SourceQuality "1"]

1. e4 e5 2. Nf3 Nc6 3. d4 exd4 4. Nxd4 Bc5 5. Nb3 Bb6 6. Nc3 Nf6 7. Qe2 0-0 8. Bg5 d6 9. 0-0-0 Re8 10. f3 h6 11. Bh4 Qe7 12. Nd5 Qe5 13. Bxf6 gxf6 14. Qd2 Kg7 15. g4 Qg5 16. Nf4 Ne5 17. h4 Nxf3 18. hxg5 Nxd2 19. gxh6+ Kh7 20. Nxd2 c6 21. Bd3 Be3 22. Rdf1 Bxg4 23. c3 Re5 24. Kc2 b5 25. Ne2 Bg5 26. Nd4 Rc8 27. N2f3 Re7 28. Nxg5+ fxg5 29. e5+ Kh8 30. exd6 Rd7 31. Bf5 Bxf5+ 32. Nxf5 Re8 33. Re1 Rxe1 34. Rxe1 Kg8 35. Re7 Rd8 36. d7 1-0

[Event "SVK-ch U16"]
[Site "Liptovsky Mikulas"]
[Date "2017.04.22"]
[Round "1"]
[White "Polak, Marcel"]
[Black "Durica, Adam"]
[Result "1-0"]
[WhiteElo "1409"]
[BlackElo "1861"]
[PlyCount "129"]
[EventDate "2017.04.22"]
[EventType "swiss"]
[EventRounds "9"]
[EventCountry "SVK"]
[SourceTitle "CBM 178 Extra"]
[Source "ChessBase"]
[SourceDate "2017.06.22"]
[SourceVersion "1"]
[SourceVersionDate "2017.06.22"]
[SourceQuality "1"]

1. e4 c5 2. Nc3 Nc6 3. f4 d6 4. Nf3 Nf6 5. Bc4 Bg4 6. h3 Bxf3 7. Qxf3 Nd4 8. Qd1 Qa5 9. 0-0 b5 10. Bd5 Nxd5 11. Nxd5 e6 12. Ne3 Be7 13. c3 Nc6 14. Qg4 0-0 15. f5 Ne5 16. Qg3 Qd8 17. d4 Bh4 18. Qf4 Bg5 19. Qg3 Nd3 20. b3 a5 21. d5 e5 22. c4 bxc4 23. bxc4 Rb8 24. Ba3 Nb4 25. Rab1 Nxa2 26. Rxb8 Bxe3+ 27. Qxe3 Qxb8 28. f6 gxf6 29. Rf3 Kh8 30. Qh6 Qd8 31. Rxf6 Rg8 32. Rxd6 Qg5 33. Qxg5 Rxg5 34. Bxc5 Nc3 35. Rd8+ Kg7 36. Be7 Rg3 37. d6 Nxe4 38. d7 Rd3 39. c5 Nxc5 40. Bxc5 a4 41. Ba3 e4 42. Bb2+ f6 43. Re8 Rxd7 44. Rxe4 Ra7 45. Rg4+ Kf7 46. Rg3 Ra6 47. Rf3 Rb6 48. Ba3 Ra6 49. g4 Kg6 50. Rf5 Ra8 51. Kg2 Ra6 52. h4 Ra8 53. h5+ Kf7 54. Bb2 Ra6 55. g5 a3 56. Bxa3 Rxa3 57. Rxf6+ Kg7 58. h6+ Kg8 59. Rf5 Rb3 60. Rc5 Ra3 61. Rc7 Ra5 62. Rg7+ Kh8 63. Kf3 Ra4 64. Rf7 Rb4 65. Rf8# 1-0

[Event "SVK-ch U14"]
[Site "Tatralandia"]
[Date "2015.04.23"]
[Round "7"]
[White "Polak, Marcel"]
[Black "Ganz, Tomas"]
[Result "1/2-1/2"]
[WhiteElo "1209"]
[BlackElo "1208"]
[PlyCount "41"]
[EventDate "2015.04.18"]
[EventType "swiss"]
[EventRounds "9"]
[EventCountry "SVK"]
[SourceTitle "CBM 166 Extra"]
[Source "ChessBase"]
[SourceDate "2015.06.18"]
[SourceVersion "1"]
[SourceVersionDate "2015.06.18"]
[SourceQuality "1"]

1. e4 e5 2. Nf3 Nc6 3. Bc4 Bc5 4. Nc3 Nf6 5. d3 d6 6. h3 Be6 7. Bb3 d5 8. exd5 Nxd5 9. Nxd5 Bxd5 10. Bxd5 Qxd5 11. c4 Qe6 12. 0-0 0-0-0 13. Qb3 h6 14. Qb5 b6 15. Bd2 Rxd3 16. a4 a5 17. Bxa5 g5 18. b4 bxa5 19. bxc5 e4 20. Qa6+ Kd7 21. Rfe1 1/2-1/2

[Event "SVK-ch U14"]
[Site "Tatralandia"]
[Date "2015.04.20"]
[Round "3"]
[White "Polak, Marcel"]
[Black "Gyurenka, Adam"]
[Result "1-0"]
[WhiteElo "1209"]
[BlackElo "1585"]
[PlyCount "81"]
[EventDate "2015.04.18"]
[EventType "swiss"]
[EventRounds "9"]
[EventCountry "SVK"]
[SourceTitle "CBM 166 Extra"]
[Source "ChessBase"]
[SourceDate "2015.06.18"]
[SourceVersion "1"]
[SourceVersionDate "2015.06.18"]
[SourceQuality "1"]

1. e4 c5 2. c4 Nc6 3. g3 Nf6 4. Bg2 e6 5. Nc3 Be7 6. d3 0-0 7. Nge2 d6 8. 0-0 a6 9. a4 Rb8 10. Be3 Ng4 11. Nf4 Nxe3 12. fxe3 Ne5 13. b3 Qb6 14. Kh1 Nc6 15. Qc2 Bf6 16. Rab1 Nb4 17. Qd2 Bd7 18. Nfe2 Bc6 19. d4 Rbd8 20. d5 Bd7 21. Na2 Nxa2 22. Qxa2 Qb4 23. Bh3 Bg5 24. Rf3 exd5 25. Bxd7 Rxd7 26. exd5 Re8 27. Nf4 Rde7 28. Qf2 Bxf4 29. Rxf4 f6 30. Rg4 Kh8 31. Qf5 Re5 32. Qd7 Rg8 33. Qxd6 Rxe3 34. Rf4 Rge8 35. Rbf1 Re1 36. Rxf6 Rxf1+ 37. Rxf1 Kg8 38. Qd7 Ra8 39. Qf7+ Kh8 40. Qf8+ Rxf8 41. Rxf8# 1-0

[Event "SVK-ch U14"]
[Site "Stara Lubovna"]
[Date "2014.04.08"]
[Round "5"]
[White "Polak, Marcel"]
[Black "Ihnat, Marek1111"]
[Result "0-1"]
[WhiteElo "1096"]
[BlackElo "1395"]
[PlyCount "120"]
[EventDate "2014.04.05"]
[EventType "swiss"]
[EventRounds "9"]
[EventCountry "SVK"]
[SourceTitle "EXT 2016"]
[Source "ChessBase"]
[SourceDate "2015.10.08"]
[SourceVersion "1"]
[SourceVersionDate "2015.10.08"]
[SourceQuality "1"]

1. e4 d5 2. exd5 Qxd5 3. Nf3 Nf6 4. Nc3 Qa5 5. Bc4 Bg4 6. d4 c6 7. 0-0 Nbd7 8. Be2 e6 9. Ne5 Bxe2 10. Qxe2 Qc7 11. Nxd7 Qxd7 12. Rd1 Bd6 13. Bg5 Qc7 14. g3 h5 15. Ne4 Nxe4 16. Qxe4 Kd7 17. c4 f6 18. c5 fxg5 19. cxd6 Qxd6 20. Qg6 Qe7 21. Re1 Rae8 22. Re5 Qf6 23. Rxg5 Qxg6 24. Rxg6 Rh7 25. b4 Kd6 26. Rg5 Rf8 27. Kg2 Rf5 28. Rxf5 exf5 29. Rd1 Kd5 30. a3 g6 31. Kf3 h4 32. Kf4 hxg3 33. hxg3 Rh2 34. f3 Ra2 35. Rd3 Kc4 36. Re3 Kxd4 37. g4 fxg4 38. fxg4 g5+ 39. Kf3 Rc2 40. Re4+ Kd5 41. Re7 Rc3+ 42. Re3 Rxe3+ 43. Kxe3 b6 44. Kf3 a5 45. bxa5 bxa5 46. Ke3 Ke5 47. a4 Kd5 48. Kd3 Kc5 49. Kc3 Kd5 50. Kd3 c5 51. Kc3 c4 52. Kc2 Kd4 53. Kd2 c3+ 54. Kc2 Kc4 55. Kc1 Kb3 56. Kb1 Kxa4 57. Kc2 Kb4 58. Kb1 a4 59. Kc1 Kb3 60. Kb1 c2+ 0-1

[Event "SVK-ch U12"]
[Site "Lubovna"]
[Date "2013.04.12"]
[Round "8"]
[White "Polak, Marcel"]
[Black "Kanassy, Martin"]
[Result "0-1"]
[WhiteElo "1100"]
[BlackElo "1173"]
[PlyCount "126"]
[EventDate "2013.04.06"]
[EventType "swiss"]
[EventRounds "9"]
[EventCountry "SVK"]
[SourceTitle "CBM 153 Extra"]
[Source "ChessBase"]
[SourceDate "2013.04.22"]
[SourceVersion "1"]
[SourceVersionDate "2013.04.22"]
[SourceQuality "1"]

1. e4 d5 2. exd5 Qxd5 3. Nf3 Bg4 4. Be2 Nf6 5. h3 Bh5 6. Nc3 Qa5 7. d4 e6 8. 0-0 Bb4 9. Bd2 0-0 10. a3 Be7 11. b4 Qb6 12. Na4 Qd6 13. b5 c6 14. Bb4 Qc7 15. Bxe7 Qxe7 16. b6 Nbd7 17. bxa7 Rxa7 18. c4 Rd8 19. c5 Rb8 20. Nb6 Nxb6 21. cxb6 Rxa3 22. Rxa3 Qxa3 23. Ng5 Bxe2 24. Qxe2 h6 25. Nf3 Qb4 26. Qe5 Rc8 27. Qc5 Qxc5 28. dxc5 Ra8 29. Rc1 Ra5 30. Nd4 Ne4 31. Nb3 Rb5 32. Rc4 f5 33. f3 Rxb3 34. fxe4 Rb5 35. exf5 exf5 36. Kf2 Kf7 37. Ke3 Ke6 38. Kd4 g5 39. Rc1 h5 40. Re1+ Kf6 41. Re5 Rb4+ 42. Kc3 Kxe5 43. Kxb4 g4 44. hxg4 hxg4 45. Kc3 f4 46. Kd3 f3 47. gxf3 gxf3 48. Ke3 Kd5 49. Kxf3 Kxc5 50. Ke3 Kxb6 51. Kd3 Kc5 52. Kc3 b5 53. Kb3 b4 54. Kb2 Kb5 55. Kb3 c5 56. Kb2 Ka4 57. Ka2 b3+ 58. Kb2 c4 59. Kb1 Ka3 60. Ka1 b2+ 61. Kb1 c3 62. Kc2 Ka2 63. Kxc3 b1Q 0-1